000 02097nam0a2200337 i 4500
001 RU\NLR\BIBL_A\010764544
005 20241114183218.0
010 _a9785990592285
_9500
021 _aRU
_b2015-28191
_91663
035 _a(NILC)RuMoRGB-007909364
035 _a(NLR Aleph) 010764544
090 _a9994746
_c9994746
100 _a20150522d2014 um y0rusy50 ca
101 0 _arus
102 _aRU
105 _ay|||z|||000yy
200 1 _aЧтобы детство было здоровым
_e(раннее вмешательство)
_eметодическое пособие
_fМ-во труда и социальной защиты населения Ставропольского края, Гос. бюджетное учреждение социального обслуживания "Ставропольский реабилитационный центр для детей и подростков с ограниченными возможностями здоровья"
_g[авт.- сост.: Бабина Т. В. и др.]
210 _aСтаврополь
_cБюро новостей
_d2014
215 _a111 с.
_cтабл.
_d21
320 _aБиблиогр.: с. 70-71
606 1 _aДети с церебральным параличом
_jМетодические пособия
_xКоррекционно-развивающее обучение
_92249131
_3RU\NLR\AUTH\6601579902
606 _aДетский церебральный паралич
_jМетодические пособия
_xРеабилитация больных
_92178460
_3RU\NLR\AUTH\661310180
686 1 _aЧ439.6я8
686 1 _aР733.627.706.1-5я8
702 1 _aБабина
_bТ. В.
_gТатьяна Викторовна
_4220
712 0 2 _4570
_aСтавропольский реабилитационный центр для детей и подростков с ограниченными возможностями здоровья
_9468025
_3RU\NLR\AUTH\880400573
801 0 _aRU
_bРГБ
_c20150410
_gRCR
942 _cBOOK
980 _aNBR